| 000 | 00537nam a2200169Ia 4500 | ||
|---|---|---|---|
| 008 | 260520s2025 xx 000 0 und d | ||
| 020 | _a9788174182876 | ||
| 041 | _amar | ||
| 082 | _a891.463/MOH | ||
| 100 | _aमोहिते, ध म | ||
| 245 | _aकथा सागरेश्वर अभयारण्याची | ||
| 250 | _a3rd ed | ||
| 260 |
_aपुणे _bइंद्रायणी साहित्य प्रकाशन _c2025 |
||
| 300 | _a167p. | ||
| 500 | _aCat No: 14950 | ||
| 650 | _aMARATHI FICTION | ||
| 999 |
_c1221756 _d1221756 |
||